Valóságos csodák

Elmentve itt :
Bibliográfiai részletek
Szerző: Csákány Béla
Dokumentumtípus: Cikk
Megjelent: 1977
Sorozat:Tiszatáj 31 No. 12
Kulcsszavak:Magyar irodalom - esszé, Magyar irodalom - költészet - 20. sz., Ady Endre
Online Access:http://tiszataj.bibl.u-szeged.hu/9823
LEADER 00618nab a2200181 i 4500
001 tisza9823
005 20200330134403.0
008 170613s1977 hu o 0|| hun d
022 |a 0133-1167 
040 |a SZTE Tiszatáj Archívum  |b hun 
041 |a hun 
100 1 |a Csákány Béla 
245 1 0 |a Valóságos csodák  |h [elektronikus dokumentum] /  |c  Csákány Béla 
260 |c 1977 
300 |a 96-97 
490 0 |a Tiszatáj  |v 31 No. 12 
695 |a Magyar irodalom - esszé, Magyar irodalom - költészet - 20. sz., Ady Endre 
856 4 0 |u http://tiszataj.bibl.u-szeged.hu/9823/1/tiszataj_1977_012_096-097.pdf  |z Dokumentum-elérés